000 00677nam a2200205 a 4500
001 000004516
005 20240513095115.0
008 090723s2004 dr a 000 0 spa d
040 _aDO-SdBNP
_bspa
_cBNPHU
082 _a210
_bR382n
100 1 _aIl Passatore
_913198
245 1 3 _aLa religión natural :
_bII passatore.
260 _aSanto Domingo :
_bFundación Olimpia Milano,
_c2004.
300 _a117 p. :
_bil. ;
_c22 cm.
490 0 _aBuscando la perfección para aspirantes a humano superior
500 _aIncluye índice
650 4 _aTeología natural
_913199
650 0 _aReligión
_91906
830 0 _aBuscando la perfeccion para aspirantes a humano superior
_913200
999 _c4325
_d4325